|
|
|
|
| LEADER |
00000cam a2200000 c 4500 |
| 001 |
1000882624 |
| 003 |
DE-627 |
| 005 |
20260414112114.0 |
| 007 |
tu |
| 008 |
171018s2017 gw ||||| 00| ||ger c |
| 015 |
|
|
|a 17,N42
|2 dnb
|
| 016 |
7 |
|
|a 1141188406
|2 DE-101
|
| 020 |
|
|
|a 393325552X
|9 3-933255-52-X
|
| 020 |
|
|
|a 9783933255525
|q Paperback : EUR 6.00 (DE), EUR 6.20 (AT)
|9 978-3-933255-52-5
|
| 024 |
3 |
|
|a 9783933255525
|
| 035 |
|
|
|a (DE-627)1000882624
|
| 035 |
|
|
|a (DE-576)495149241
|
| 035 |
|
|
|a (DE-599)DNB1141188406
|
| 035 |
|
|
|a (OCoLC)1007512613
|
| 040 |
|
|
|a DE-627
|b ger
|c DE-627
|e rda
|
| 041 |
|
|
|a ger
|
| 044 |
|
|
|c XA-DE-MV
|
| 082 |
0 |
4 |
|a 943
|q DE-101
|
| 082 |
0 |
4 |
|a 360
|a 796
|q DE-101
|
| 084 |
|
|
|a MG 81920
|2 rvk
|0 (DE-625)rvk/122864:12224
|
| 084 |
|
|
|a NQ 7010
|2 rvk
|0 (DE-625)rvk/128857:
|
| 084 |
|
|
|a ZX 9420
|2 rvk
|0 (DE-625)rvk/158516:14257
|
| 084 |
|
|
|a 44.70
|2 bkl
|
| 084 |
|
|
|a 15.43
|2 bkl
|
| 084 |
|
|
|a 76.11
|2 bkl
|
| 084 |
|
|
|a 15.38
|2 bkl
|
| 100 |
1 |
|
|a Buhrmann, Jochen-Friedrich
|e VerfasserIn
|0 (DE-588)1142409791
|0 (DE-627)1001942604
|0 (DE-576)494803150
|4 aut
|
| 109 |
|
|
|a Buhrmann, Jochen-Friedrich
|a Buhrmann, Jochen
|
| 245 |
1 |
0 |
|a Staatsdoping in der DDR.
|b eine Einführung
|c Herausgeberin: Die Landesbeauftragte für Mecklenburg-Vorpommern für die Unterlagen des Staatssicherheitsdienstes der ehemaligen DDR
|
| 264 |
|
1 |
|a Schwerin
|b Die Landesbeauftragte für Mecklenburg-Vorpommern für die Unterlagen des Staatssicherheitsdienstes der ehemaligen DDR
|c 2017
|
| 300 |
|
|
|a 96 Seiten
|b Illustrationen
|c 21 x 15 cm
|
| 336 |
|
|
|a Text
|b txt
|2 rdacontent
|
| 337 |
|
|
|a ohne Hilfsmittel zu benutzen
|b n
|2 rdamedia
|
| 338 |
|
|
|a Band
|b nc
|2 rdacarrier
|
| 500 |
|
|
|a Literaturverzeichnis: Seite 91-92
|
| 500 |
|
|
|a Quellenverzeichnis: Seite 93-94
|
| 520 |
|
|
|a Die sportlichen Erfolge der DDR waren durch ein staatlich organisiertes, flächendeckendes Zwangsdopingsystem erkauft – auf Kosten der Gesundheit von mehr als 15.000 Spitzen- und Nachwuchssportlern. Heute leiden Tausende ehemalige Sportler unter gravierenden gesundheitlichen Problemen, die Folge einer menschenverachtenden Dopingpraxis sind. Nach einem ersten Hilfesystem für betroffene Sportler, das bereits 2007 ausgeschöpft war, wurde 2016 ein Zweites Dopingopfer-Hilfegesetz aufgelegt. Problematisch für die geschädigten Sportler ist neben der persönlichen Betroffenheit der Mangel an geeigneten Gutachtern und Therapeuten. Die vorliegende von der Landesbeauftragten für MV für die Stasi-Unterlagen herausgegebene Publikation soll insbesondere betroffenen ehemaligen Sportlern, aber auch Ärzten, Therapeuten und Beratern sowie der interessierten Öffentlichkeit als fundierte Einführung in die komplexe Thematik dienen. Der Band versammelt Aufsätze von ausgewiesenen Experten zu den Mechanismen des DDR-Staatsdopings, zu gesundheitlichen Langzeitfolgen des Dopings und zum Stand der Aufarbeitung der DDR-Doping-Praxis in den ehemaligen Nordbezirken. Dokumentiert werden neben Schlüsselbelegen aus den Stasi-Akten zum DDR-Zwangsdopingsystem zusätzlich u.a. ein Auszug aus der Geschädigtenliste des Doping-Opfer-Hilfe-Vereins, die Biografie einer betroffenen Sportlerin, das Zweite Dopingopfer-Hilfegesetz, der Landtagsbeschluss zur Aufarbeitung des DDR-Dopings in Mecklenburg-Vorpommern sowie Adressen von Beratungs- und Therapieeinrichtungen, von Archiven und Einrichtungen für die Recherche notwendiger Nachweise.
|
| 655 |
|
7 |
|a Aufsatzsammlung
|0 (DE-588)4143413-4
|0 (DE-627)105605727
|0 (DE-576)209726091
|2 gnd-content
|
| 655 |
|
7 |
|a Einführung
|0 (DE-588)4151278-9
|0 (DE-627)104450460
|0 (DE-576)209786884
|2 gnd-content
|
| 689 |
0 |
0 |
|d g
|0 (DE-588)4011890-3
|0 (DE-627)104732415
|0 (DE-576)20889621X
|a Deutschland
|g DDR
|2 gnd
|
| 689 |
0 |
1 |
|d s
|0 (DE-588)4126002-8
|0 (DE-627)105735701
|0 (DE-576)209581395
|a Doping
|2 gnd
|
| 689 |
0 |
2 |
|a z
|2 gnd
|a Geschichte 1974-1990
|
| 689 |
0 |
|
|5 (DE-627)
|
| 700 |
1 |
|
|a Freyberger, Harald J.
|d 1957-2018
|e VerfasserIn
|0 (DE-588)128563974
|0 (DE-627)376200731
|0 (DE-576)29721621X
|4 aut
|
| 700 |
1 |
|
|a Geipel, Ines
|d 1960-
|e VerfasserIn
|0 (DE-588)120882434
|0 (DE-627)080945821
|0 (DE-576)175884811
|4 aut
|
| 700 |
1 |
|
|a Keil, André
|d 1967-
|e VerfasserIn
|0 (DE-588)131755900
|0 (DE-627)513604049
|0 (DE-576)298719754
|4 aut
|
| 700 |
1 |
|
|a Drescher, Anne
|d 1962-
|e VerfasserIn eines Vorworts
|0 (DE-588)136492983
|0 (DE-627)584076223
|0 (DE-576)301048541
|4 wpr
|
| 710 |
2 |
|
|a Mecklenburg-Vorpommern
|b Der Landesbeauftragte für die Unterlagen des Staatssicherheitsdienstes der Ehemaligen Deutschen Demokratischen Republik
|e Herausgebendes Organ
|0 (DE-588)5115646-5
|0 (DE-627)171643860
|0 (DE-576)194926133
|4 isb
|
| 710 |
2 |
|
|a Mecklenburg-Vorpommern
|b Die Landesbeauftragte für die Aufarbeitung der SED-Diktatur
|e Verlag
|0 (DE-588)1189357666
|0 (DE-627)1668034158
|0 (DE-576)425612600
|4 pbl
|
| 856 |
4 |
2 |
|u https://swbplus.bsz-bw.de/bsz495149241inh.htm
|m B:DE-576;DE-Frei85
|q application/pdf
|v 20171207125159
|x Verlag
|3 Inhaltsverzeichnis
|7 1
|
| 935 |
|
|
|a mkri
|a LBGMV
|
| 936 |
r |
v |
|a MG 81920
|b Sozialpolitik, Gesundheitspolitik
|k Politologie
|k Politische Systeme einzelner Länder
|k Europa, Nordamerika
|k Osteuropa (ehem. Ostblock)
|k DDR (bis 1990)
|k Einzelne politische Sachgebiete
|k Sozialpolitik, Gesundheitspolitik
|0 (DE-627)1271034352
|0 (DE-625)rvk/122864:12224
|0 (DE-576)201034352
|
| 936 |
r |
v |
|a NQ 7010
|b Innere Geschichte
|k Geschichte
|k Geschichte seit 1918
|k Deutsche Geschichte seit 1945
|k Deutsche Demokratische Republik (DDR) (1949 - 1990)
|k Innere Geschichte
|0 (DE-627)1270811088
|0 (DE-625)rvk/128857:
|0 (DE-576)200811088
|
| 936 |
r |
v |
|a ZX 9420
|b Allgemeines; Einführungen
|k Sport
|k Sportwissenschaft
|k Sportmedizin
|k Sportphysiologie, Sportbiochemie
|k Doping
|k Allgemeines; Einführungen
|0 (DE-627)1271535513
|0 (DE-625)rvk/158516:14257
|0 (DE-576)201535513
|
| 936 |
b |
k |
|a 44.70
|j Sportmedizin
|0 (DE-627)106409484
|
| 936 |
b |
k |
|a 15.43
|j Deutsche Geschichte des 19. Jahrhunderts bis zur Gegenwart
|0 (DE-627)181569701
|
| 936 |
b |
k |
|a 76.11
|j Sportsoziologie
|j Sportpsychologie
|0 (DE-627)106420844
|
| 936 |
b |
k |
|a 15.38
|j Europäische Geschichte nach 1945
|q coli-conc RVK->BK
|q https://coli-conc.gbv.de/api/mappings/ca5e71c2-ea45-4983-9498-0aae53095f57
|0 (DE-627)181569671
|
| 951 |
|
|
|a BO
|
| ELC |
|
|
|b 1
|
| LOK |
|
|
|0 000 xxxxxcx a22 zn 4500
|
| LOK |
|
|
|0 001 4362546111
|
| LOK |
|
|
|0 003 DE-627
|
| LOK |
|
|
|0 004 1000882624
|
| LOK |
|
|
|0 005 20230901113150
|
| LOK |
|
|
|0 008 230802||||||||||||||||ger|||||||
|
| LOK |
|
|
|0 040
|a DE-21-37
|c DE-627
|d DE-21-37
|
| LOK |
|
|
|0 541
|e 23/297
|
| LOK |
|
|
|0 852
|a DE-21-37
|
| LOK |
|
|
|0 852 1
|c K 1706
|m p
|9 00
|
| LOK |
|
|
|0 938
|a 2309
|
| LOK |
|
|
|0 938
|k p
|
| LOK |
|
|
|0 939
|a 2023-08-02
|b l01
|
| LOK |
|
|
|0 000 xxxxxcx a22 zn 4500
|
| LOK |
|
|
|0 001 3278456467
|
| LOK |
|
|
|0 003 DE-627
|
| LOK |
|
|
|0 004 1000882624
|
| LOK |
|
|
|0 005 20171205120119
|
| LOK |
|
|
|0 008 171108||||||||||||||||ger|||||||
|
| LOK |
|
|
|0 040
|a DE-Frei85
|c DE-627
|d DE-Frei85
|
| LOK |
|
|
|0 852
|a DE-Frei85
|
| LOK |
|
|
|0 852 1
|m p
|9 00
|
| LOK |
|
|
|0 938
|k p
|
| LOK |
|
|
|0 939
|a 2017-11-08
|b l01
|
| ORI |
|
|
|a WA-MARC-krimdoka001.raw
|
| TIM |
|
|
|a 100019740101_100019901231
|b Geschichte 1974-1990
|